Understanding UNIX : (Record no. 11028)
[ view plain ]
| 000 -LEADER | |
|---|---|
| fixed length control field | 00702nam a22002172 4500 |
| 001 - CONTROL NUMBER | |
| control field | 0000009351 |
| 005 - DATE AND TIME OF LATEST TRANSACTION | |
| control field | 20151217154412.0 |
| 008 - FIXED-LENGTH DATA ELEMENTS--GENERAL INFORMATION | |
| fixed length control field | 080929s xx 000 0 eng d |
| 020 ## - INTERNATIONAL STANDARD BOOK NUMBER | |
| International Standard Book Number | 0880220643 : |
| Terms of availability | KES 200 |
| 040 ## - CATALOGING SOURCE | |
| Original cataloging agency | KABU |
| Transcribing agency | KABU |
| 100 1# - MAIN ENTRY--PERSONAL NAME | |
| Personal name | Groff, James R. |
| -- | 0000154533 |
| 245 10 - TITLE STATEMENT | |
| Title | Understanding UNIX : |
| Remainder of title | a conceptual guide / |
| Statement of responsibility, etc. | James R. Groff, Paul N. Weinberg. |
| 260 ## - PUBLICATION, DISTRIBUTION, ETC. (IMPRINT) | |
| Place of publication, distribution, etc. | Indianapolis : |
| Name of publisher, distributor, etc. | Que Corporation, |
| Date of publication, distribution, etc. | 1983. |
| 300 ## - PHYSICAL DESCRIPTION | |
| Extent | xvi, 233 p. |
| 650 #0 - SUBJECT ADDED ENTRY--TOPICAL TERM | |
| Topical term or geographic name as entry element | UNIX (Computer file) |
| -- | 0000154651 |
| 650 #0 - SUBJECT ADDED ENTRY--TOPICAL TERM | |
| Topical term or geographic name as entry element | Operating systems (Computers) |
| -- | 0000146540 |
| 700 1# - ADDED ENTRY--PERSONAL NAME | |
| Personal name | Weinberg, Paul N. |
| -- | 0000160623 |
| 908 ## - PUT COMMAND PARAMETER (RLIN) | |
| Put command parameter | 080929 |
| 950 ## - LOCAL HOLDINGS (RLIN) | |
| -- | 1 |
| Withdrawn status | Lost status | Source of classification or shelving scheme | Not for loan | Home library | Current library | Date acquired | Total Checkouts | Full call number | Barcode | Date last seen | Date last checked out | Price effective from | Koha item type |
|---|---|---|---|---|---|---|---|---|---|---|---|---|---|
| Library of Congress Classification | Kabarak, Main Campus | Kabarak, Main Campus | 17/12/2015 | 1 | QA76.76 .O63G76 c. 1 | 005810 | 31/10/2016 | 18/10/2016 | 17/12/2015 | General Collection |